• 首页
  • 本馆介绍
  • 公告通知
  • 最新文献
  • 馆藏检索
  • 电子资源
  • 读者导购
  • 参考咨询
  • 我的图书馆
  • 登录
  • 详细信息显示
  • 放入我的书架
  • 预约/预借图书
  • 作者相关作品
  • 分类相关作品
  • 丛书相关作品
  • 出版社相关作品

书目信息

  • 表格格式
  • 工作单格式
  • 卡片格式
题名:
苏联合作教育学的理论与实践
    
 
作者: 冯克诚 主编
分册:  
出版信息: 北京   人民武警出版社  2010.12
页数: 325页
开本: 23cm
丛书名: 教师必读文库
单 册:
中图分类: G40-095.12
科图分类:
主题词: 教育模式--研究--苏联 , 教育模式
电子资源:
ISBN: 978-7-80176-449-2
000 00926oam2 2200265 45
001 1237569544
005 20120618100829.78
010    @a978-7-80176-449-2@dCNY39.80
100    @a20111103d20102011 em y0chiy50 ea
101 0  @achi
102    @aCN@b110000
105    @ay z 000yy
106    @ar
200 1  @a苏联合作教育学的理论与实践@ASu Lian He Zuo Jiao Yu Xue De Li Lun Yu Shi Jian@f冯克诚主编@FFeng Ke Cheng Zhu Bian
210    @a北京@c人民武警出版社@d2010.12@h2011.06印
215    @a325页@d23cm
225 2  @a教师必读文库@i外国教育名家名著精读丛书
330    @a本书主要内容包括:(苏)Ш·А·阿莫纳什维利实验教学体系与教育论著选读;(苏)合作教育学派教育基本原理与论著选读。
461  0 @12001 @a教师必读文库
606 0  @a教育模式@x研究@y苏联
606 0  @a教育模式
690    @aG40-095.12@v4
701  0 @a冯克诚@AFeng Ke Cheng@4主编
801  0 @aCN@bTSTCL@c20120604
905    @b0816736-39@dG40-095.12@e595@f4
    
    苏联合作教育学的理论与实践/冯克诚主编.-北京:人民武警出版社,2010.12(2011.06印)
    325页;23cm.-(教师必读文库.外国教育名家名著精读丛书)
    
    
    ISBN 978-7-80176-449-2:CNY39.80
    本书主要内容包括:(苏)Ш·А·阿莫纳什维利实验教学体系与教育论著选读;(苏)合作教育学派教育基本原理与论著选读。
●
相关链接 在E读中查询图书 在五车中查询图书 在当当中查询图书 在豆瓣中查询图书


正题名:苏联合作教育学的理论与实践     索取号:G40-095.12/595         预约/预借

序号 登录号 条形码 馆藏地/架位号 状态 备注
1 0816736   208167366   第一样本阅览室/ [索取号:G40-095.12/595] 在馆    
2 0816737   208167375   第四借阅区/ [索取号:G40-095.12/595] 在馆    
3 0816738   208167384   第四借阅区/ [索取号:G40-095.12/595] 在馆    
4 0816739   208167393   第四借阅区/ [索取号:G40-095.12/595] 在馆    
唐山师范学院图书馆 欢迎您!
大连网信软件有限公司© 版权所有